Infografía digital: la visualización sintética
Saved in:
| Hovedforfatter: | |
|---|---|
| Format: | Bog |
| Sprog: | spansk |
| Udgivet: |
Barcelona
Bosch
2012
|
| Udgivelse: | 1a. ed |
| Serier: | Bosch Comunicación
|
| Fag: | |
| Tags: |
Tilføj Tag
Ingen Tags, Vær først til at tagge denne postø!
|
MARC
| LEADER | 00000cam a2200000 a 4500 | ||
|---|---|---|---|
| 001 | UCC2254 | ||
| 003 | CL-VaPUC | ||
| 008 | 180114e20120900sp |||||||||||||||||spa|d | ||
| 020 | |a 9788497909495 | ||
| 082 | 0 | 4 | |a 741.6 |b VAL |2 21 |
| 100 | 0 | |a Valero Sancho, José Luis |e author |9 596374 | |
| 245 | 1 | 0 | |a Infografía digital: la visualización sintética |
| 250 | |a 1a. ed | ||
| 300 | |a 237 p | ||
| 942 | |c BK | ||
| 945 | |d 20180114 20:51:00 |a arojas | ||
| 260 | |a Barcelona |b Bosch |c 2012 | ||
| 650 | 0 | |a Diseño gráfico |9 266874 | |
| 650 | 0 | |a Infografía |9 436095 | |
| 650 | 0 | |a Información visual |9 569897 | |
| 650 | 7 | |a LENGUAJE ESQUEMATICO |2 CL-VaPUC |9 569898 | |
| 583 | |a last modification |c 20180114 20:51:00 |k Rodrigo Vera | ||
| 490 | 0 | |a Bosch Comunicación | |
| 999 | |c 370488 |d 370486 | ||
| 952 | |0 0 |1 0 |3 erb |4 0 |6 741_600000000000000_VAL_2012 |7 0 |8 A |9 487007 |a BIBCUR |b BIBCUR |i 544716K |o 741.6 VAL 2012 |p 544716K |r 2025-04-22 |w 2019-11-24 |y BK |z Catalogado en:20180114 |k PER | ||